[Event "Manaus Amazonense Cup"]
[Site "Manaus"]
[Date "2022.12.04"]
[Round "3"]
[White "De Souza, David Barroso"]
[Black "Bezerra, Fabiano de Oliveira"]
[Result "1/2-1/2"]
[WhiteElo "1977"]
[BlackElo "1921"]
[PlyCount "225"]
[EventDate "2022.12.03"]
[EventType "swiss"]
[EventRounds "7"]
[EventCountry "BRA"]
[SourceTitle "EXT 2024"]
[Source "ChessBase"]
[SourceDate "2023.10.10"]
[SourceVersion "1"]
[SourceVersionDate "2023.10.10"]
[SourceQuality "1"]

1. b3 Nf6 2. Bb2 d5 3. f4 b6 4. Nf3 Bb7 5. e3 Nbd7 6. Be2 e6 7. 0-0 Be7 8. d3 c5 9. c4 0-0 10. Ne5 Ne8 11. Bg4 f5 12. Bh3 dxc4 13. bxc4 Nef6 14. Qe2 Nxe5 15. fxe5 Ne8 16. Nd2 g6 17. Rad1 Qc7 18. e4 Ng7 19. Qe3 Rf7 20. Nf3 Rd8 21. Ng5 Bxg5 22. Qxg5 Qe7 23. Qe3 Rd7 24. Rf3 Bxe4 25. Rf2 Qd8 26. Rfd2 Bc6 27. d4 cxd4 28. Rxd4 Rxd4 29. Rxd4 Rd7 30. Rxd7 Qxd7 31. Qd4 Qxd4+ 32. Bxd4 Ne8 33. g3 Kf7 34. Kf2 Nc7 35. Ke3 g5 36. Bf1 h5 37. Bd3 Na6 38. h4 Kg6 39. Kd2 Nb8 40. Be3 gxh4 41. gxh4 Bf3 42. c5 bxc5 43. Bxc5 Nc6 44. Bd6 Bd5 45. a3 Nd4 46. Ke3 Nf3 47. Bb8 Nxh4 48. Bxa7 Kg5 49. Be2 f4+ 50. Kf2 f3 51. Bd3 Ng2 52. Bb6 h4 53. Bf1 Nf4 54. a4 Kg4 55. a5 h3 56. Kg1 Ne2+ 57. Kh2 Kf4 58. a6 Kxe5 59. Kxh3 Kf4 60. a7 e5 61. Kh2 Ba8 62. Bf2 Nd4 63. Kg1 Nf5 64. Ba6 Ng3 65. Kh2 Ne4 66. Bb6 Nc3 67. Kg1 Nd5 68. Bc5 Kg3 69. Bf2+ Kg4 70. Bc5 Nf6 71. Kf1 Ne4 72. Bb4 Kg3 73. Ba5 Nc5 74. Bc8 Kf4 75. Bb6 Nb3 76. Be6 Nd2+ 77. Ke1 Ne4 78. Bc4 Bb7 79. Ba6 Ba8 80. Bc4 Nd6 81. Ba6 Ne8 82. Bc5 Nf6 83. Bd6 Ke4 84. Be7 Nd5 85. Bd8 Ke3 86. Bg5+ Nf4 87. Kf1 Ke4 88. Bd8 Ne6 89. Be7 Ke3 90. Bc8 Nd4 91. Bg5+ Kd3 92. Kf2 e4 93. Ba6+ Kc2 94. Bc8 Nb5 95. Be3 Kc3 96. Ba6 Nc7 97. Bc8 Nd5 98. Bg5 Kd4 99. Be6 Nb4 100. Be3+ Ke5 101. Bd7 Nd3+ 102. Kf1 Kd5 103. Bb5 Kd6 104. Bb6 Nc5 105. Kf2 Kd5 106. Ke3 Kd6 107. Kf2 Nb3 108. Ke3 Nc1 109. Bc4 Ke5 110. Bd4+ Kf5 111. Bb2 Nd3 112. Bxd3 exd3 113. Kxd3 1/2-1/2

[Event "Manaus Amazonense Cup"]
[Site "Manaus"]
[Date "2022.07.27"]
[Round "7"]
[White "Pessoa, Hudson Anselmo"]
[Black "Bezerra, Fabiano de Oliveira"]
[Result "0-1"]
[WhiteElo "1860"]
[BlackElo "1885"]
[PlyCount "105"]
[EventDate "2022.07.06"]
[EventType "tourn"]
[EventRounds "11"]
[EventCountry "BRA"]
[SourceTitle "EXT 2023"]
[Source "ChessBase"]
[SourceDate "2022.10.05"]
[SourceVersion "1"]
[SourceVersionDate "2022.10.05"]
[SourceQuality "1"]

1. Nf3 b6 2. c4 Bb7 3. Nc3 Nf6 4. d3 e6 5. e4 d6 6. Be2 Be7 7. 0-0 0-0 8. h3 c5 9. a3 Nc6 10. Rb1 Qd7 11. Be3 d5 12. Bg5 d4 13. e5 Ne8 14. Bxe7 Qxe7 15. Ne4 Qc7 16. Re1 Nxe5 17. Nxe5 Qxe5 18. Bf3 Qc7 19. Qd2 h6 20. Bh5 Qc6 21. Bf3 Qc7 22. Bh5 Rd8 23. b4 Bxe4 24. Rxe4 Nf6 25. Rh4 g5 26. Bxf7+ Qxf7 27. Rxh6 Qg7 28. h4 Qxh6 29. hxg5 Qg6 30. gxf6 Qxf6 31. Re1 Rf7 32. Re4 Rg7 33. Qe2 Re8 34. Qh5 Qg6 35. Qh3 Ree7 36. f3 Qg3 37. Rh4 Qxh3 38. Rxh3 cxb4 39. axb4 Rg5 40. Rh4 e5 41. Rh6 Kg7 42. Rc6 Rg6 43. Rc8 Kf6 44. Kf2 Reg7 45. g4 Rh6 46. Rf8+ Ke6 47. Kg2 Rf6 48. Rc8 Rgf7 49. Re8+ Kd6 50. Rd8+ Kc7 51. Rd5 Rxf3 52. Rxe5 Rxd3 53. Rd5 0-1

[Event "Rio Branco Acre op"]
[Site "Rio Branco"]
[Date "2017.12.09"]
[Round "4"]
[White "Gemy Vargas, Jose Daniel"]
[Black "Bezerra, Fabiano de Oliveira"]
[Result "1-0"]
[WhiteElo "2383"]
[BlackElo "1899"]
[PlyCount "63"]
[EventDate "2017.12.07"]
[EventType "swiss"]
[EventRounds "7"]
[EventCountry "BRA"]
[SourceTitle "CBM 182 Extra"]
[Source "ChessBase"]
[SourceDate "2018.02.23"]
[SourceVersion "1"]
[SourceVersionDate "2018.02.23"]
[SourceQuality "1"]

1. Nf3 Nf6 2. g3 g6 3. Bg2 Bg7 4. 0-0 0-0 5. c4 d6 6. Nc3 c5 7. a3 Nc6 8. d3 a6 9. Rb1 Bd7 10. b4 cxb4 11. axb4 Qc7 12. b5 Nd8 13. Bg5 e6 14. Qd2 axb5 15. Nxb5 Bxb5 16. Rxb5 Nd7 17. Rfb1 Nc5 18. Bh6 Re8 19. Bxg7 Kxg7 20. h4 h6 21. h5 e5 22. hxg6 fxg6 23. d4 Ne4 24. Qe3 exd4 25. Qxd4+ Nf6 26. Nh4 Rb8 27. Qd3 Qf7 28. Qxd6 Nd7 29. Bd5 Ne6 30. Rxb7 Rbd8 31. Rd1 Qf8 32. Bxe6 1-0

[Event "Manaus Amazonas-ch"]
[Site "Manaus"]
[Date "2017.10.29"]
[Round "9"]
[White "De Oliveira, Victor Gabriel C"]
[Black "Bezerra, Fabiano de Oliveira"]
[Result "1-0"]
[WhiteElo "2086"]
[BlackElo "1909"]
[PlyCount "73"]
[EventDate "2017.10.21"]
[EventType "swiss"]
[EventRounds "9"]
[EventCountry "BRA"]
[SourceTitle "CBM 181 Extra"]
[Source "ChessBase"]
[SourceDate "2017.12.12"]
[SourceVersion "1"]
[SourceVersionDate "2017.12.12"]
[SourceQuality "1"]

1. e4 g6 2. Nf3 Bg7 3. d4 d6 4. h3 Nf6 5. Bd3 0-0 6. 0-0 Na6 7. c3 c5 8. Re1 cxd4 9. cxd4 Nb4 10. Bf1 Qb6 11. Nc3 Qd8 12. a3 Nc6 13. d5 Ne5 14. Nd4 a6 15. Be3 Ned7 16. Rc1 Nc5 17. f3 Nh5 18. b4 Nd7 19. f4 Re8 20. Bc4 Nf8 21. g4 Bxd4 22. Qxd4 Ng7 23. e5 h5 24. Be2 hxg4 25. hxg4 e6 26. Ne4 dxe5 27. fxe5 Nh7 28. d6 Rf8 29. Rf1 Bd7 30. Nf6+ Nxf6 31. exf6 Ne8 32. Bh6 Bc6 33. Bxf8 Kxf8 34. Rxc6 bxc6 35. d7 Nxf6 36. Rxf6 Qe7 37. Bxa6 1-0

[Event "Manaus Amazonas-ch"]
[Site "Manaus"]
[Date "2017.10.21"]
[Round "2"]
[White "Bezerra, Fabiano de Oliveira"]
[Black "Souza Neves, Andrey Marcelo"]
[Result "0-1"]
[WhiteElo "1909"]
[BlackElo "2210"]
[PlyCount "97"]
[EventDate "2017.10.21"]
[EventType "swiss"]
[EventRounds "9"]
[EventCountry "BRA"]
[SourceTitle "CBM 181 Extra"]
[Source "ChessBase"]
[SourceDate "2017.12.12"]
[SourceVersion "1"]
[SourceVersionDate "2017.12.12"]
[SourceQuality "1"]

1. f4 c5 2. Nf3 g6 3. e3 Bg7 4. Be2 Nf6 5. 0-0 0-0 6. b3 Ne4 7. c3 Nc6 8. Bb2 d5 9. d3 Nd6 10. Qc2 Nf5 11. Qd2 d4 12. cxd4 cxd4 13. e4 Ne3 14. Rc1 Bh6 15. g3 e5 16. Rxc6 exf4 17. Rc5 fxg3 18. hxg3 Qd7 19. Bxd4 Qh3 20. Bxe3 Qxg3+ 21. Kh1 Bh3 22. Bd1 Bxe3 23. Qh2 Qxh2+ 24. Kxh2 Bxc5 25. Kxh3 f5 26. e5 g5 27. b4 g4+ 28. Kg3 Bb6 29. Ng5 Bd4 30. Bb3+ Kh8 31. Nc3 Bxe5+ 32. Kg2 Bxc3 33. Rh1 Kg7 34. Ne6+ Kf6 35. Nxf8 Rxf8 36. Rxh7 Re8 37. Rxb7 Re2+ 38. Kf1 Re1+ 39. Kg2 f4 40. Rxa7 Re2+ 41. Kf1 f3 42. Rf7+ Kg5 43. Bd5 Bd4 44. a4 Re3 45. Be4 Kh4 46. a5 Kg3 47. Rc7 f2 48. Rc1 Bc3 49. Rxc3 0-1

[Event "Manaus Amazonas-ch"]
[Site "Manaus"]
[Date "2017.10.21"]
[Round "1"]
[White "Maciel de Sousa, Pedro Lucas"]
[Black "Bezerra, Fabiano de Oliveira"]
[Result "0-1"]
[WhiteElo "1777"]
[BlackElo "1909"]
[PlyCount "46"]
[EventDate "2017.10.21"]
[EventType "swiss"]
[EventRounds "9"]
[EventCountry "BRA"]
[SourceTitle "CBM 181 Extra"]
[Source "ChessBase"]
[SourceDate "2017.12.12"]
[SourceVersion "1"]
[SourceVersionDate "2017.12.12"]
[SourceQuality "1"]

1. c4 Nf6 2. Nc3 g6 3. d3 Bg7 4. Nf3 d6 5. g3 c6 6. Bg2 0-0 7. 0-0 e5 8. Ng5 Bg4 9. Nce4 Nxe4 10. Nxe4 Qe7 11. Bg5 f6 12. Qc1 fxg5 13. Qxg5 Qxg5 14. Nxg5 Nd7 15. Ne6 Bxe6 16. f4 exf4 17. gxf4 Bxb2 18. Rab1 Bd4+ 19. Kh1 Nb6 20. h4 Be3 21. Rb4 Bf5 22. c5 Nd5 23. cxd6 Nxb4 0-1

[Event "Manaus Amazonia-ch"]
[Site "Manaus"]
[Date "2017.04.13"]
[Round "1"]
[White "Ipiranga, Fabricio do Vale"]
[Black "Bezerra, Fabiano de Oliveira"]
[Result "0-1"]
[WhiteElo "1715"]
[BlackElo "1905"]
[PlyCount "69"]
[EventDate "2017.04.13"]
[EventType "swiss"]
[EventRounds "7"]
[EventCountry "BRA"]
[SourceTitle "CBM 177 Extra"]
[Source "ChessBase"]
[SourceDate "2017.04.27"]
[SourceVersion "1"]
[SourceVersionDate "2017.04.27"]
[SourceQuality "1"]

1. c4 Nf6 2. Nc3 g6 3. d4 Bg7 4. Nf3 d6 5. g3 0-0 6. Bg2 a6 7. 0-0 Re8 8. b4 c6 9. d5 Nxd5 10. cxd5 Bxc3 11. Rb1 Bg7 12. Bb2 Bf5 13. Bxg7 Kxg7 14. Rb2 Qb6 15. Qd4+ Qxd4 16. Nxd4 Bd7 17. a4 cxd5 18. Ra1 Nc6 19. e3 Nxd4 20. exd4 e6 21. Bf1 Rec8 22. b5 axb5 23. Bxb5 Bxb5 24. Rxb5 Rc4 25. Rxb7 Rcxa4 26. Rxa4 Rxa4 27. Rd7 Rxd4 28. Rxd6 Kf6 29. h4 h6 30. Rd8 g5 31. Rh8 Kg7 32. Rc8 gxh4 33. gxh4 Rxh4 34. Rc3 f5 35. Rg3+ 0-1

[Event "Manauara Benchimol Memorial"]
[Site "Manauara"]
[Date "2016.07.31"]
[Round "6"]
[White "Farias, Sergio Luiz Cardoso"]
[Black "Bezerra, Fabiano de Oliveira"]
[Result "0-1"]
[WhiteElo "1568"]
[BlackElo "1885"]
[PlyCount "76"]
[EventDate "2016.07.28"]
[EventType "swiss"]
[EventRounds "6"]
[EventCountry "BRA"]
[SourceTitle "CBM 173 Extra"]
[Source "ChessBase"]
[SourceDate "2016.08.29"]
[SourceVersion "1"]
[SourceVersionDate "2016.08.29"]
[SourceQuality "1"]

1. e4 e6 2. d4 d5 3. e5 c5 4. c3 Nd7 5. Nf3 Ne7 6. Bd3 Nc6 7. Ng5 cxd4 8. Qf3 Ndxe5 9. Qg3 Nxd3+ 10. Qxd3 dxc3 11. Nxc3 h6 12. Nf3 Bd7 13. 0-0 Be7 14. a3 a6 15. Bd2 Bf6 16. Rfe1 0-0 17. h3 Ne7 18. Nh2 Ng6 19. Ng4 Bg5 20. g3 Bxd2 21. Qxd2 Rc8 22. h4 f5 23. Nxh6+ gxh6 24. Qxh6 Qf6 25. h5 Ne7 26. Qd2 Rf7 27. Kg2 Kg7 28. Rh1 Rh8 29. Rh2 Ng8 30. Rah1 Nh6 31. f3 Bc6 32. Ne2 e5 33. Ng1 d4 34. Ne2 Rd8 35. Kf2 e4 36. Qf4 d3 37. Nc3 exf3 38. Re1 Ng4+ 0-1

[Event "Manauara Benchimol Memorial"]
[Site "Manauara"]
[Date "2016.07.30"]
[Round "4"]
[White "Da Paz, Leonardo Gadelha"]
[Black "Bezerra, Fabiano de Oliveira"]
[Result "1-0"]
[WhiteElo "2028"]
[BlackElo "1885"]
[PlyCount "111"]
[EventDate "2016.07.28"]
[EventType "swiss"]
[EventRounds "6"]
[EventCountry "BRA"]
[SourceTitle "CBM 173 Extra"]
[Source "ChessBase"]
[SourceDate "2016.08.29"]
[SourceVersion "1"]
[SourceVersionDate "2016.08.29"]
[SourceQuality "1"]

1. d4 Nf6 2. c4 c5 3. e3 e6 4. Nf3 g6 5. Be2 Bg7 6. 0-0 0-0 7. Nc3 d6 8. b3 Nc6 9. Bb2 b6 10. dxc5 dxc5 11. Nb5 a6 12. Nd6 Qc7 13. Nxc8 Raxc8 14. Rc1 Rfd8 15. Qc2 Rd7 16. a3 Rcd8 17. h3 Ne8 18. Bc3 Ne5 19. Rfd1 Rxd1+ 20. Rxd1 Rxd1+ 21. Bxd1 Nxf3+ 22. Bxf3 a5 23. Bd1 Qd6 24. g3 h5 25. b4 axb4 26. axb4 cxb4 27. Qa4 Nf6 28. Bxb4 Qd8 29. Qc6 Nd7 30. Be2 Nf6 31. Qb7 Nd7 32. Kg2 Nc5 33. Qc6 Bf8 34. Bc3 Qd6 35. Qa8 Qc7 36. Qa1 Ne4 37. Bb2 Nd2 38. Qc1 Ne4 39. Qc2 f5 40. Bd3 Nc5 41. Be2 Bg7 42. Bd4 e5 43. Bb2 e4 44. Bd4 Qd7 45. Qb2 Qc7 46. Bxg7 Qxg7 47. Qxb6 Nd3 48. Bxd3 exd3 49. Qd8+ Kh7 50. Qxd3 Qb7+ 51. Qd5 Qe7 52. c5 h4 53. c6 Kh6 54. Qc4 hxg3 55. c7 gxf2 56. Kxf2 1-0

[Event "Manauara Benchimol Memorial"]
[Site "Manauara"]
[Date "2016.07.28"]
[Round "1"]
[White "Bezerra, Fabiano de Oliveira"]
[Black "Bentes Neto, Pedro"]
[Result "0-1"]
[WhiteElo "1885"]
[BlackElo "1764"]
[PlyCount "86"]
[EventDate "2016.07.28"]
[EventType "swiss"]
[EventRounds "6"]
[EventCountry "BRA"]
[SourceTitle "CBM 173 Extra"]
[Source "ChessBase"]
[SourceDate "2016.08.29"]
[SourceVersion "1"]
[SourceVersionDate "2016.08.29"]
[SourceQuality "1"]

1. Nf3 d5 2. b3 Nf6 3. Bb2 e6 4. e3 b6 5. Ne5 Bb7 6. Be2 c6 7. 0-0 Be7 8. d3 0-0 9. Nd2 c5 10. c4 Nbd7 11. Ndf3 Nxe5 12. Nxe5 Nd7 13. Qc2 Nxe5 14. Bxe5 Bf6 15. Qb2 Bxe5 16. Qxe5 dxc4 17. dxc4 Qe7 18. Rad1 Rad8 19. Bd3 f6 20. Qh5 g6 21. Qe2 f5 22. e4 Qg5 23. f3 Rd4 24. Bc2 Rfd8 25. Rxd4 Rxd4 26. exf5 exf5 27. Rd1 Kg7 28. Rxd4 cxd4 29. Kf2 Kf6 30. g3 Qh6 31. h4 Qc1 32. Qd1 Qe3+ 33. Kg2 h6 34. Bd3 g5 35. hxg5+ hxg5 36. Qe2 g4 37. Qxe3 dxe3 38. Be2 Ke5 39. a4 a5 40. Bd1 Kd4 41. Bc2 gxf3+ 42. Kf1 Be4 43. Bxe4 Kxe4 0-1